[Event "Targu Mures ROM, Women Ch 2014"]
[Site "Targu Mures ROM"]
[Date "2014.05.03"]
[Round "8.4"]
[White "Adoamnei, Roxana-Antonela"]
[Black "Dobre, Ana Margareta"]
[Result "1/2-1/2"]
[WhiteElo "1987"]
[BlackElo "1922"]
[PlyCount "121"]
[EventDate "2014.04.26"]
[EventType "swiss"]
[EventRounds "9"]
[EventCountry "ROM"]
[Source "Chess Mix"]

1. d4 g6 2. c4 Bg7 3. e4 d6 4. Nc3 Nf6 5. h3 O-O 6. Bg5 c6 7. Qd2 e5 8. d5 Na6
9. Bd3 Nc5 10. Bb1 Qa5 11. Nge2 b5 12. dxc6 b4 13. Nd5 Nfxe4 14. Bxe4 Nxe4 15.
Qe3 Nxg5 16. Qxg5 Be6 17. Qd2 Kh8 18. O-O Qc5 19. Rac1 a5 20. c7 Rac8 21. Rfd1
Qa7 22. Qe3 Qxe3 23. fxe3 Bh6 24. Kf2 f5 25. c5 dxc5 26. Rxc5 f4 27. exf4 exf4
28. Nb6 Rce8 29. Re5 f3 30. gxf3 Bg7 31. Rxe6 Rxe6 32. Rd8 Ree8 33. Rxe8 Rxe8
34. c8=Q Rxc8 35. Nxc8 Bxb2 36. Nb6 Be5 37. Ke3 Kg7 38. Ke4 Bc7 39. Nd5 Bd6 40.
Nb6 Bc7 41. Na4 Kh6 42. Nf4 Bd6 43. Ng2 Kg5 44. Kd5 Bc7 45. Kc6 Bd8 46. Kb5 Kf5
47. Nb6 Bxb6 48. Kxb6 a4 49. Ne3+ Ke5 50. Kc5 b3 51. a3 g5 52. Kb4 Kf4 53. Nd1
Kxf3 54. Kxa4 h5 55. Kxb3 g4 56. hxg4 hxg4 57. Nb2 Ke2 58. Kc2 g3 59. Nd3 Ke3
60. Ne1 Ke2 61. Ng2 1/2-1/2

[Event "Targu Mures ROM, Women Ch 2014"]
[Site "Targu Mures ROM"]
[Date "2014.05.02"]
[Round "7.6"]
[White "Dobre, Ana Margareta"]
[Black "Gal, Imola-Katalin"]
[Result "1-0"]
[WhiteElo "1922"]
[BlackElo "2062"]
[PlyCount "111"]
[EventDate "2014.04.26"]
[EventType "swiss"]
[EventRounds "9"]
[EventCountry "ROM"]
[Source "Chess Mix"]

1. e4 e5 2. d3 Nf6 3. Nf3 Nc6 4. c3 d5 5. Nbd2 h6 6. Be2 Be7 7. O-O O-O 8. Qc2
Be6 9. Re1 Qd7 10. Bf1 dxe4 11. dxe4 a6 12. Nc4 Bd6 13. Nh4 Bxc4 14. Bxc4 Qg4
15. Nf5 Ne7 16. Nxh6+ gxh6 17. Bxh6 Ng6 18. Re3 b5 19. Rg3 Qh5 20. Rh3 Qg4 21.
Rg3 Qh5 22. Bxf8 Rxf8 23. Be2 Qh4 24. Rh3 Qg5 25. Rd1 Kg7 26. a4 Rh8 27. Rxh8
Kxh8 28. axb5 axb5 29. Bxb5 Nf4 30. Bf1 Bc5 31. g3 N6h5 32. Qd2 Kg7 33. Kh1 Ne6
34. Qxg5+ Nxg5 35. Rd5 Bd6 36. f4 Nxe4 37. fxe5 Be7 38. Rd7 Kf8 39. Rxc7 Nf2+
40. Kg2 Ng4 41. Be2 Nxe5 42. Bxh5 Nd3 43. b4 Ke8 44. b5 Kd8 45. Ra7 Ne1+ 46.
Kf1 Nc2 47. Bxf7 Ne3+ 48. Ke2 Nf5 49. Rxe7 Kxe7 50. Bg6 Nd6 51. Bd3 Nf7 52. Ke3
Kd6 53. h4 Nh6 54. Kf4 Nf7 55. h5 Ne5 56. Be4 1-0

[Event "Targu Mures ROM, Women Ch 2014"]
[Site "Targu Mures ROM"]
[Date "2014.05.01"]
[Round "6.8"]
[White "Dobre, Ana Margareta"]
[Black "Visanescu, Daria"]
[Result "1-0"]
[WhiteElo "1922"]
[BlackElo "2076"]
[PlyCount "69"]
[EventDate "2014.04.26"]
[EventType "swiss"]
[EventRounds "9"]
[EventCountry "ROM"]
[Source "Chess Mix"]

1. e4 c5 2. Nf3 e6 3. d3 Nc6 4. g3 g6 5. Bg2 Bg7 6. O-O Nge7 7. c3 O-O 8. Re1
d6 9. Nbd2 b6 10. Nf1 Bb7 11. h4 Qd7 12. h5 Ne5 13. N1h2 Rad8 14. d4 cxd4 15.
cxd4 Nxf3+ 16. Bxf3 Nc6 17. Be3 e5 18. hxg6 fxg6 19. Bg4 Qe8 20. d5 Na5 21. Bg5
Bf6 22. Bh6 Bg7 23. Be6+ Kh8 24. Bxg7+ Kxg7 25. Rc1 Bc8 26. Rc7+ Kh8 27. Qg4
Bxe6 28. dxe6 Rc8 29. Rec1 Rxc7 30. Rxc7 Nc6 31. Qh4 h5 32. Qg5 Kg8 33. e7 Rf7
34. Qxg6+ Kh8 35. Rxc6 1-0

[Event "Targu Mures ROM, Women Ch 2014"]
[Site "Targu Mures ROM"]
[Date "2014.04.30"]
[Round "5.10"]
[White "Mathe, Katalin"]
[Black "Dobre, Ana Margareta"]
[Result "1/2-1/2"]
[WhiteElo "1979"]
[BlackElo "1922"]
[PlyCount "104"]
[EventDate "2014.04.26"]
[EventType "swiss"]
[EventRounds "9"]
[EventCountry "ROM"]
[Source "Chess Mix"]

1. d4 g6 2. e4 Bg7 3. c3 c6 4. Bd3 d5 5. e5 f6 6. f4 Nh6 7. Nf3 Bg4 8. O-O O-O
9. Qc2 Bxf3 10. Rxf3 fxe5 11. dxe5 e6 12. Be3 Nd7 13. Kh1 Ng4 14. Bg1 Qh4 15.
Qe2 Nh6 16. g3 Qh5 17. Nd2 c5 18. Raf1 c4 19. Bc2 Rf7 20. Qg2 Raf8 21. h3 Ng4
22. Bd4 Nh6 23. Kg1 Kh8 24. g4 Qh4 25. Qf2 Qxf2+ 26. R1xf2 b6 27. Kg2 Nb8 28.
Nf1 Nc6 29. Ne3 b5 30. h4 Nxd4 31. cxd4 b4 32. f5 gxf5 33. gxf5 Nxf5 34. Nxf5
exf5 35. Rxf5 Rxf5 36. Rxf5 Rxf5 37. Bxf5 Bh6 38. Kf2 a5 39. Ke2 Bc1 40. b3 Bb2
41. Ke3 Bc1+ 42. Ke2 c3 43. Kd3 Kg7 44. h5 Kh6 45. Bg4 Kg5 46. Bf3 h6 47. Kc2
Be3 48. Kd3 Bxd4 49. e6 Bc5 50. Kc2 d4 51. Kd3 Kf5 52. Be4+ Kxe6 1/2-1/2

[Event "Targu Mures ROM, Women Ch 2014"]
[Site "Targu Mures ROM"]
[Date "2014.04.29"]
[Round "4.6"]
[White "Dobre, Ana Margareta"]
[Black "Ciobanu, Camelia-Adriana"]
[Result "0-1"]
[WhiteElo "1922"]
[BlackElo "2199"]
[PlyCount "68"]
[EventDate "2014.04.26"]
[EventType "swiss"]
[EventRounds "9"]
[EventCountry "ROM"]
[Source "Chess Mix"]

1. e4 e6 2. d3 c5 3. Nf3 Nc6 4. g3 Nge7 5. Bg2 g6 6. O-O Bg7 7. Re1 d6 8. Nbd2
O-O 9. Nf1 Rb8 10. c3 b5 11. Be3 b4 12. d4 bxc3 13. bxc3 cxd4 14. cxd4 d5 15.
e5 Ba6 16. Bg5 Bxf1 17. Bxf1 Qa5 18. h4 Rb2 19. a3 Rfb8 20. h5 Qc3 21. Nh2 Nf5
22. Be3 Ncxd4 23. g4 Nxe3 24. Rxe3 Qc2 25. Qe1 Rb1 26. Rxb1 Rxb1 27. Qa5 Rb2
28. Qd8+ Bf8 29. Qf6 Be7 30. Qf4 Bg5 31. Qg3 Bxe3 32. Qxe3 Qd2 33. Qg3 Rb3 34.
Qh4 g5 0-1

[Event "Targu Mures ROM, Women Ch 2014"]
[Site "Targu Mures ROM"]
[Date "2014.04.28"]
[Round "3.1"]
[White "Peptan, Corina-Isabela"]
[Black "Dobre, Ana Margareta"]
[Result "1-0"]
[WhiteElo "2438"]
[BlackElo "1922"]
[PlyCount "101"]
[EventDate "2014.04.26"]
[EventType "swiss"]
[EventRounds "9"]
[EventCountry "ROM"]
[Source "Chess Mix"]

1. c4 g6 2. Nc3 Bg7 3. g3 e5 4. Bg2 Nf6 5. Nf3 d6 6. d4 Nbd7 7. O-O O-O 8. e4
Re8 9. h3 exd4 10. Nxd4 Nc5 11. Re1 a5 12. b3 a4 13. b4 Ne6 14. Nc2 Nd7 15. Bd2
Ne5 16. Qe2 f5 17. f4 Nc6 18. exf5 Ncd4 19. Nxd4 Bxd4+ 20. Kh2 gxf5 21. Qd3 Qf6
22. Rad1 c6 23. Ne2 Bf2 24. Rf1 Bb6 25. Bc3 Qg6 26. Qxd6 Bc7 27. Qd3 Ng7 28.
Nd4 Nh5 29. c5 Kf7 30. Rde1 Rg8 31. Ne2 Be6 32. Be5 Bd8 33. a3 Bh4 34. Rf3 Bd5
35. Re3 Rad8 36. Qc3 Nf6 37. Bxd5+ Nxd5 38. Qc4 Kf8 39. Rd3 h5 40. Bd6+ Kf7 41.
Rg1 Bf6 42. Nc3 b5 43. Nxb5 Kg7 44. Nd4 Rde8 45. Qc2 Kh7 46. Nxc6 Ne3 47. Qc1
Nd5 48. Ne5 Bxe5 49. Bxe5 Qe6 50. Qd1 Rd8 51. Qxh5+ 1-0

[Event "Ch Romania (w)"]
[Site "Targu Mures (Romania)"]
[Date "2014.04.27"]
[Round "2"]
[White "Dobre, Ana Margareta"]
[Black "Sgircea, Silvia-Raluca"]
[Result "1-0"]
[WhiteElo "1922"]
[BlackElo "2242"]
[PlyCount "67"]
[EventDate "2014.??.??"]

1. e4 c5 2. Nf3 Nc6 3. d3 Nf6 4. g3 g6 5. Bg2 Bg7 6. c3 d5 7. e5 Nd7 8. d4 cxd4
9. cxd4 Nb6 10. Nc3 Bg4 11. h3 Bxf3 12. Bxf3 O-O 13. h4 f6 14. Bg4 f5 15. Bf3
e6 16. Bg5 Qd7 17. b3 Rfc8 18. Kf1 Nxe5 19. dxe5 Rxc3 20. Qd4 Qc7 21. h5 Rxf3
22. hxg6 hxg6 23. Kg2 Rc3 24. Qh4 Qxe5 25. Rae1 Qd4 26. Qh7+ Kf7 27. Rh6 Rc6
28. Qxg6+ Kf8 29. Rh7 Rac8 30. Bh6 R8c7 31. Rh8+ Ke7 32. Bxg7 Qg4 33. Re8+ Kd6
34. Bf8+ 1-0

[Event "Targu Mures ROM, Women Ch 2014"]
[Site "Targu Mures ROM"]
[Date "2014.04.26"]
[Round "1.3"]
[White "Bulmaga, Irina"]
[Black "Dobre, Ana Margareta"]
[Result "0-1"]
[WhiteElo "2375"]
[BlackElo "1922"]
[PlyCount "76"]
[EventDate "2014.04.26"]
[EventType "swiss"]
[EventRounds "9"]
[EventCountry "ROM"]
[Source "Chess Mix"]

1. e4 g6 2. d4 Bg7 3. Nc3 c6 4. Nf3 d5 5. h3 Nf6 6. e5 Ne4 7. Nxe4 dxe4 8. Ng5
c5 9. Bc4 O-O 10. c3 Nc6 11. e6 cxd4 12. exf7+ Kh8 13. cxd4 Nxd4 14. O-O Qc7
15. Bd5 Bd7 16. Be3 Nf5 17. Qd2 Rad8 18. Rac1 Bc6 19. Ne6 Qe5 20. Nxd8 Rxd8 21.
Rc5 Rxd5 22. Qa5 Bf8 23. Rxd5 Qxd5 24. Qxa7 Qxf7 25. b4 Qc4 26. Qb8 Kg8 27. Bc5
Qd5 28. Be3 Qxa2 29. g4 Nh4 30. Bh6 Nf3+ 31. Kh1 Qf7 32. b5 Be8 33. Bf4 g5 34.
Bg3 Bxb5 35. Rc1 Bc6 36. Rc5 Qf6 37. Be5 Nxe5 38. Rxe5 e3+ 0-1

[Event "Mamaia , Team Championship"]
[Site "?"]
[Date "2013.09.08"]
[Round "?"]
[White "Anusca, Madalina-Maria"]
[Black "Dobre, Ana Margareta"]
[Result "0-1"]
[WhiteElo "2042"]
[BlackElo "1893"]
[PlyCount "131"]
[EventDate "2013.??.??"]

1. c4 e5 2. Nc3 Nf6 3. g3 d6 4. Bg2 g6 5. Nf3 Bg7 6. O-O O-O 7. d3 c6 8. Bd2
Re8 9. e4 Nbd7 10. b4 Nf8 11. Rb1 Bg4 12. h3 Be6 13. a4 d5 14. c5 Qc7 15. Ng5
Rad8 16. Qc1 dxe4 17. dxe4 Bc4 18. Re1 Ne6 19. Nxe6 Bxe6 20. Bg5 Rd4 21. Be3
Rd3 22. Qc2 Red8 23. Red1 Rxd1+ 24. Rxd1 Rxd1+ 25. Qxd1 Qd7 26. Qxd7 Nxd7 27.
Bf1 Bf8 28. a5 a6 29. f3 Be7 30. Kf2 Kf8 31. h4 Ke8 32. Bd3 Kd8 33. Ne2 f5 34.
exf5 gxf5 35. Bg5 Nf6 36. Bd2 Nd5 37. Ng1 h5 38. Nh3 f4 39. Ng5 Bxg5 40. hxg5
Ke7 41. Kg2 Kf7 42. Be4 fxg3 43. Kxg3 Kg7 44. Kh4 Bf7 45. Bf5 Ne7 46. Be4 Nd5
47. Bc1 Bg6 48. Bb2 Bxe4 49. Bxe5+ Kg6 50. fxe4 Nxb4 51. Bc7 Nd3 52. Bd6 Ne1
53. Be7 Nf3+ 54. Kg3 Nxg5 55. Kf4 h4 56. Ke3 h3 57. Bd6 Kf6 58. Bh2 Ne6 59. Bd6
Nxc5 60. Kf3 Nb3 61. Bb4 c5 62. Bc3+ Ke6 63. Kg3 Nxa5 64. Bxa5 Ke5 65. Kxh3
Kxe4 66. Kg2 0-1

[Event "Mamaia , Team Championship"]
[Site "?"]
[Date "2013.09.07"]
[Round "?"]
[White "Dobre, Ana Margareta"]
[Black "Foisor, Mihaela-Veronica"]
[Result "1/2-1/2"]
[WhiteElo "1893"]
[BlackElo "2212"]
[PlyCount "21"]
[EventDate "2013.??.??"]

1. e4 e6 2. d4 d5 3. exd5 exd5 4. Bf4 Bd6 5. Bxd6 Qxd6 6. c3 Ne7 7. Nf3 O-O 8.
Be2 Bf5 9. Bd3 Bxd3 10. Qxd3 Ng6 11. Nbd2 1/2-1/2

[Event "Mamaia , Team Championship"]
[Site "?"]
[Date "2013.09.05"]
[Round "?"]
[White "Dobre, Ana Margareta"]
[Black "Berintan, Teodora"]
[Result "1-0"]
[WhiteElo "1893"]
[BlackElo "1849"]
[PlyCount "76"]
[EventDate "2013.??.??"]

1. e4 b6 2. d4 Bb7 3. Bd3 e6 4. Ne2 c5 5. c3 Nf6 6. Bg5 Be7 7. Nd2 d6 8. O-O h6
9. Bh4 Nh5 10. Bxe7 Qxe7 11. f4 g5 12. e5 f5 13. exf6 Nxf6 14. Bg6+ Kd8 15.
dxc5 bxc5 16. Nc4 Nd5 17. f5 Ba6 18. f6 Qc7 19. f7 Ke7 20. Qd3 Nd7 21. b3 N7b6
22. Qf3 Bxc4 23. bxc4 Nxc4 24. Rad1 Ne5 25. Qe4 Nf6 26. Qc2 Rhf8 27. Ng3 Nxg6
28. Qxg6 Rxf7 29. Qxh6 g4 30. Ne4 Raf8 31. Ng5 Qa5 32. Nxf7 Rxf7 33. Rb1 Qc7
34. Rf2 d5 35. Qg5 Qc8 36. Rbf1 Qf8 37. Qe5 Qh6 38. Rb1 Kf8 1-0

[Event "Mamaia , Team Championship"]
[Site "?"]
[Date "2013.09.04"]
[Round "?"]
[White "Magarin, Semela-Amara"]
[Black "Dobre, Ana Margareta"]
[Result "0-1"]
[WhiteElo "1426"]
[BlackElo "1893"]
[PlyCount "64"]
[EventDate "2013.??.??"]

1. e4 c5 2. Nf3 d6 3. d4 cxd4 4. Nxd4 Nf6 5. Nc3 a6 6. Be3 e5 7. Nf3 Be6 8. Be2
Be7 9. O-O O-O 10. Qd2 Nbd7 11. Rad1 b5 12. a3 Nb6 13. Bg5 Rc8 14. Bxf6 gxf6
15. Nh4 Nc4 16. Bxc4 Rxc4 17. Qh6 Kh8 18. f4 f5 19. exf5 Bxh4 20. fxe6 Rxf4 21.
exf7 Bg5 22. Qxd6 Rxf1+ 23. Kxf1 Rxf7+ 24. Ke1 Qa8 25. Qxe5+ Bf6 26. Qd5 Qe8+
27. Ne2 Re7 28. Rd2 Bxb2 29. Kd1 Bc3 30. Qf3 Bxd2 31. Qf6+ Kg8 32. Kxd2 Rxe2+
0-1

[Event "Mamaia , Team Championship"]
[Site "?"]
[Date "2013.09.02"]
[Round "?"]
[White "Craciun, Paula-Iulia"]
[Black "Dobre, Ana Margareta"]
[Result "0-1"]
[WhiteElo "2117"]
[BlackElo "1893"]
[PlyCount "62"]
[EventDate "2013.??.??"]

1. e4 g6 2. d4 Bg7 3. Be3 c6 4. Qd2 d5 5. e5 f6 6. f4 Nh6 7. Nf3 Bg4 8. Be2 O-O
9. O-O b5 10. a4 bxa4 11. Nc3 Nd7 12. Nxa4 Rb8 13. b3 Nf5 14. h3 Bxf3 15. Rxf3
e6 16. Qc3 c5 17. Nxc5 Nxc5 18. Qxc5 fxe5 19. fxe5 Rc8 20. Qxa7 Rxc2 21. Bd3
Rxg2+ 22. Kxg2 Nh4+ 23. Kh2 Nxf3+ 24. Kg2 Qh4 25. Qa5 Ng5 26. Bxg5 Qxg5+ 27.
Kh1 Qg3 28. Rf1 Qxh3+ 29. Kg1 Qxd3 30. Rxf8+ Bxf8 31. Qb6 Kf7 0-1

[Event "Mamaia , Team Championship"]
[Site "?"]
[Date "2013.09.01"]
[Round "?"]
[White "Dobre, Ana Margareta"]
[Black "L'Ami, Alina"]
[Result "0-1"]
[WhiteElo "1893"]
[BlackElo "2358"]
[PlyCount "86"]
[EventDate "2013.??.??"]

1. e4 c5 2. Nf3 d6 3. d3 Nc6 4. g3 g6 5. Bg2 Bg7 6. O-O e5 7. c3 Nge7 8. Na3
O-O 9. Nc2 f5 10. Re1 h6 11. d4 fxe4 12. Rxe4 cxd4 13. cxd4 d5 14. Re1 e4 15.
Ne5 Nxe5 16. dxe5 Bf5 17. Nd4 Nc6 18. f4 exf3 19. Nxf3 Be4 20. Be3 Qd7 21. Bc5
Rf7 22. Nh4 Nxe5 23. Bxe4 dxe4 24. Qxd7 Nxd7 25. Ba3 g5 26. Ng2 Re8 27. Rad1
Ne5 28. Re2 Nf3+ 29. Kh1 Nd4 30. Re3 Nc2 31. Re2 Nd4 32. Re3 b6 33. Ne1 Nb5 34.
Nc2 Rf2 35. Nb4 Bd4 36. Ree1 e3 37. Nd3 e2 38. Rc1 Rf3 39. Nb4 Nxa3 40. bxa3
Bc3 41. Rxc3 Rf1+ 42. Kg2 Rxe1 43. Nd3 Rd1 0-1

[Event "Mamaia , Team Championship"]
[Site "?"]
[Date "2013.08.31"]
[Round "?"]
[White "Rendi, Eva"]
[Black "Dobre, Ana Margareta"]
[Result "1-0"]
[WhiteElo "2101"]
[BlackElo "1893"]
[PlyCount "59"]
[EventDate "2013.??.??"]

1. e4 g6 2. d4 Bg7 3. Nc3 c6 4. Be2 d5 5. e5 Nh6 6. h4 b5 7. a3 Nd7 8. h5 Nb6
9. Bg5 f6 10. Bxh6 Bxh6 11. Bd3 Bf5 12. g4 Bxd3 13. Qxd3 g5 14. Nf3 Qd7 15. Rg1
O-O 16. Ne2 Qe6 17. O-O-O fxe5 18. dxe5 Nc4 19. Ned4 Qf7 20. Nf5 Kh8 21. Rg3 e6
22. Nxh6 Qf4+ 23. Kb1 Kg7 24. Nf5+ exf5 25. gxf5 Rxf5 26. Rdg1 Kh8 27. Rxg5
Rxg5 28. Nxg5 Nd2+ 29. Qxd2 Qf5 30. e6 1-0

[Event "Romanian Championship Women"]
[Site "?"]
[Date "2013.02.24"]
[Round "?"]
[White "Visanescu, Daria-Ioana"]
[Black "Dobre, Ana Margareta"]
[Result "1-0"]
[WhiteElo "2068"]
[BlackElo "1851"]
[PlyCount "63"]
[EventDate "2013.??.??"]

1. e4 g6 2. d4 Bg7 3. Nc3 c6 4. Nf3 d5 5. h3 dxe4 6. Nxe4 Nd7 7. Bd3 Ngf6 8.
Ng3 Qc7 9. O-O O-O 10. Bg5 e5 11. Qd2 exd4 12. Nxd4 Nc5 13. c3 Ne6 14. Nxe6
Bxe6 15. Rfe1 Rad8 16. Qe2 h6 17. Bxf6 Bxf6 18. Bxg6 Rfe8 19. Be4 Bg5 20. Rad1
Bxa2 21. Qg4 Bb3 22. Rxd8 Rxd8 23. Qf5 Rd1 24. Rxd1 Bxd1 25. Qh7+ Kf8 26. Qh8+
Ke7 27. Nf5+ Ke6 28. Qd4 Qe5 29. Ng7+ Kf6 30. Ne8+ Ke6 31. Qxd1 Qxe4 32. Qd6+
1-0

[Event "Romanian Championship Women"]
[Site "?"]
[Date "2013.02.23"]
[Round "?"]
[White "Dobre, Ana Margareta"]
[Black "Dragomirescu Grigorieva, Angela"]
[Result "1-0"]
[WhiteElo "1851"]
[BlackElo "2235"]
[PlyCount "125"]
[EventDate "2013.??.??"]

1. e4 d6 2. d3 e5 3. f4 Be7 4. Nf3 Nd7 5. Be2 c6 6. fxe5 dxe5 7. O-O Ngf6 8. h3
O-O 9. a4 Re8 10. Nbd2 Nh5 11. Nc4 Ng3 12. Re1 Bc5+ 13. Be3 Bxe3+ 14. Nxe3 Qb6
15. Qd2 Nf6 16. Kh2 Nxe2 17. Qxe2 Nh5 18. Nc4 Qc7 19. g3 Re6 20. Nh4 Nf6 21.
Nf5 Bd7 22. g4 g6 23. Rg1 Kh8 24. Ng3 Ng8 25. Raf1 Be8 26. Ne3 Qd8 27. Qg2 Qg5
28. Rf3 Rf6 29. Qf2 Rxf3 30. Qxf3 Rd8 31. Nc4 b6 32. Ne2 Nf6 33. Rf1 Nd7 34.
Qg3 Qe7 35. g5 h6 36. h4 h5 37. Ng1 b5 38. axb5 cxb5 39. Ne3 Rc8 40. Nf3 Qc5
41. Nd2 Qd4 42. Rb1 Rc6 43. Nb3 Qd6 44. Rd1 Qe7 45. c3 Nb6 46. Nd2 Na4 47. Nd5
Qe6 48. Rb1 Rd6 49. Nf3 Bc6 50. Nxe5 Bxd5 51. exd5 Rxd5 52. d4 Qf5 53. Ra1 Kg7
54. Kg2 a6 55. Rf1 Qe4+ 56. Kg1 Nc5 57. Rxf7+ Kg8 58. Qf2 Ne6 59. Rf8+ Nxf8 60.
Qf7+ Kh8 61. Qxf8+ Kh7 62. Qf7+ Kh8 63. Nxg6+ 1-0

[Event "Romanian Championship Women"]
[Site "?"]
[Date "2013.02.22"]
[Round "?"]
[White "Dobre, Ana Margareta"]
[Black "Ilie, Maria Ruxandra"]
[Result "0-1"]
[WhiteElo "1851"]
[BlackElo "2003"]
[PlyCount "64"]
[EventDate "2013.??.??"]

1. e4 c5 2. Nf3 e6 3. d3 Nc6 4. g3 g6 5. Bg2 Bg7 6. O-O Nge7 7. Nbd2 O-O 8. Re1
d6 9. Nf1 b5 10. h4 Rb8 11. h5 b4 12. N1h2 h6 13. hxg6 fxg6 14. e5 d5 15. Nh4
g5 16. Ng4 Qe8 17. Nxh6+ Bxh6 18. Bxg5 Bxg5 19. Qg4 Qf7 20. Qxg5+ Qg7 21. Qh5
Nd4 22. Rac1 Ndf5 23. c4 bxc3 24. b3 Nxh4 25. gxh4 Rb4 26. Re3 Rg4 27. Qxg4
Qxg4 28. Rg3 Qxg3 29. fxg3 d4 30. Be4 Nf5 31. Kh2 Ne3 32. Kh3 Rf1 0-1

[Event "Romanian Championship Women"]
[Site "?"]
[Date "2013.02.21"]
[Round "?"]
[White "Lolici, Iselin Amanda"]
[Black "Dobre, Ana Margareta"]
[Result "0-1"]
[WhiteElo "1964"]
[BlackElo "1851"]
[PlyCount "44"]
[EventDate "2013.??.??"]

1. c4 g6 2. g3 Bg7 3. Bg2 d6 4. Nc3 Nd7 5. e4 e5 6. Nge2 Ne7 7. d3 O-O 8. O-O
f5 9. Be3 Nf6 10. h3 h6 11. Qd2 Kh7 12. Rab1 g5 13. f4 gxf4 14. gxf4 Qe8 15.
Ng3 Nh5 16. Nce2 Rg8 17. Kh2 Qg6 18. Rg1 exf4 19. Bxf4 Nxf4 20. Nxf4 Qxg3+ 21.
Kh1 Be5 22. Rbf1 Ng6 0-1

[Event "Romanian Championship Women"]
[Site "?"]
[Date "2013.02.20"]
[Round "?"]
[White "Dobre, Ana Margareta"]
[Black "Anusca, Madalina-Maria"]
[Result "1-0"]
[WhiteElo "1851"]
[BlackElo "2070"]
[PlyCount "53"]
[EventDate "2013.??.??"]

1. e4 c5 2. Nf3 Nc6 3. d3 e6 4. g3 Qc7 5. Bg2 Nf6 6. O-O Be7 7. Nbd2 O-O 8. Re1
d6 9. Nf1 h6 10. h4 Nd7 11. N1h2 d5 12. Ng5 hxg5 13. hxg5 d4 14. Qh5 g6 15. Qh4
Qe5 16. Ng4 Qh8 17. Nh6+ Kg7 18. f4 f6 19. e5 fxg5 20. fxg5 Nd8 21. Be4 Nf7 22.
Kg2 Bxg5 23. Bxg5 Nxg5 24. Rh1 Nf7 25. Qe7 Ndxe5 26. Raf1 Re8 27. Rxf7+ 1-0

[Event "Romanian Championship Women"]
[Site "?"]
[Date "2013.02.19"]
[Round "?"]
[White "Ionescu Brandis, Irina"]
[Black "Dobre, Ana Margareta"]
[Result "1-0"]
[WhiteElo "2253"]
[BlackElo "1851"]
[PlyCount "91"]
[EventDate "2013.??.??"]

1. g3 d5 2. Bg2 g6 3. d4 Bg7 4. Nf3 Nf6 5. O-O O-O 6. c4 c6 7. Qb3 Nbd7 8. cxd5
cxd5 9. Nc3 e6 10. Bf4 Qb6 11. Rfc1 Ne4 12. Qxb6 Nxb6 13. a4 h6 14. a5 Nd7 15.
h4 b6 16. a6 Nxc3 17. Rxc3 Nb8 18. Bxb8 Rxb8 19. Rc7 Ra8 20. e3 Rd8 21. Bf1 Bd7
22. Ne5 Be8 23. Rac1 Bf8 24. h5 Bd6 25. hxg6 Bxc7 26. gxf7+ Bxf7 27. Rxc7 Be8
28. Ng4 Rdc8 29. Re7 Rc1 30. Kg2 Kf8 31. Rxe6 Bd7 32. Rxh6 Kg7 33. Bd3 Rh8 34.
Rg6+ Kf8 35. Ne5 Bc8 36. Rf6+ Kg8 37. Rf7 Rh6 38. Rxa7 Bh3+ 39. Kf3 Rf6+ 40.
Ke2 Bf1+ 41. Kd2 Ra1 42. Bh7+ Kh8 43. Ng6+ Rxg6 44. Bxg6 Ra2 45. Kc3 Bxa6 46.
Bd3 1-0

[Event "Romanian Championship Women"]
[Site "?"]
[Date "2013.02.18"]
[Round "?"]
[White "Dobre, Ana Margareta"]
[Black "Gelip, Ioana"]
[Result "1-0"]
[WhiteElo "1851"]
[BlackElo "2017"]
[PlyCount "143"]
[EventDate "2013.??.??"]

1. e4 c5 2. Nf3 a6 3. d3 g6 4. Be3 Bg7 5. c3 d6 6. Qd2 Nc6 7. Be2 Nf6 8. Bh6
Bxh6 9. Qxh6 Qb6 10. Qc1 c4 11. Nbd2 cxd3 12. Bxd3 Bg4 13. O-O O-O 14. h3 Bd7
15. Nc4 Qc5 16. Qe3 b5 17. Qxc5 dxc5 18. Nb6 Rad8 19. Nd5 Be6 20. Nxf6+ exf6
21. Rfd1 Rd7 22. Kf1 Rfd8 23. Ke2 Na5 24. Rd2 Nc4 25. Bxc4 Bxc4+ 26. Ke1 Bd3
27. Rad1 c4 28. Nd4 Bxe4 29. f3 Bd3 30. Kf2 Bf5 31. Re2 g5 32. Rde1 Bd3 33.
Re8+ Kg7 34. Rxd8 Rxd8 35. Re7 Rd6 36. Ra7 Kg6 37. a3 h6 38. Kg3 f5 39. Kf2 f4
40. Ke1 Kf6 41. Kf2 Bg6 42. Ke1 Ke5 43. Re7+ Kd5 44. Rc7 Rb6 45. Ra7 Ke5 46.
Re7+ Kf6 47. Ra7 Bd3 48. Kf2 Kg6 49. Ke1 h5 50. Kf2 f5 51. Re7 Kf6 52. Rh7 Kg6
53. Re7 Rf6 54. Re6 g4 55. h4 Kf7 56. Rxf6+ Kxf6 57. Nc6 Ke6 58. Nb4 a5 59. Nc6
Kd6 60. Nd4 b4 61. axb4 axb4 62. cxb4 Kd5 63. b5 g3+ 64. Ke1 Kc5 65. Ne6+ Kxb5
66. Nxf4 Kb4 67. Nxd3+ cxd3 68. Kd2 Kc4 69. b4 Kxb4 70. Kxd3 Kc5 71. Ke3 Kd5
72. Kf4 1-0

[Event "Romanian Championship Women"]
[Site "?"]
[Date "2013.02.17"]
[Round "?"]
[White "Banciu, Bianca-Gabriela"]
[Black "Dobre, Ana Margareta"]
[Result "0-1"]
[WhiteElo "1591"]
[BlackElo "1851"]
[PlyCount "100"]
[EventDate "2013.??.??"]

1. d4 d5 2. c4 c6 3. Nf3 Nf6 4. Nc3 dxc4 5. a4 Bf5 6. e3 e6 7. Bxc4 Bb4 8. Bd2
h6 9. O-O Qe7 10. Re1 Bxc3 11. Bxc3 Nbd7 12. h3 Ne4 13. Nd2 O-O-O 14. Nxe4 Bxe4
15. Bd3 Nf6 16. Qc2 Bxd3 17. Qxd3 Rhg8 18. b4 Kb8 19. Qc4 g5 20. b5 Rc8 21. Bb4
Qd7 22. bxc6 Rxc6 23. Qb5 g4 24. Qe5+ Qc7 25. Qxf6 gxh3 26. g3 Rxg3+ 27. Kf1 h2
28. Ke2 Rc2+ 29. Bd2 Qc4+ 30. Kd1 Rg2 31. Qd8+ Qc8 32. Qxc8+ Rxc8 33. Ke2 Rcg8
34. Bb4 Kc7 35. Rh1 Rg1 36. Rxh2 Rxa1 37. a5 Rg6 38. Rh5 Ra2+ 39. Kf1 Rg5 40.
Rxh6 Rb5 41. Bc5 Raxa5 42. Bf8 Rh5 43. Rf6 Raf5 44. Rxf5 Rxf5 45. Bb4 Rb5 46.
Bd2 a5 47. Ke2 Rb2 48. Kd1 a4 49. Kc1 a3 50. Be1 Re2 0-1

[Event "Romanian Championship Women"]
[Site "?"]
[Date "2013.02.16"]
[Round "?"]
[White "Dobre, Ana Margareta"]
[Black "Bulmaga, Irina"]
[Result "0-1"]
[WhiteElo "1851"]
[BlackElo "2355"]
[PlyCount "74"]
[EventDate "2013.??.??"]

1. e4 c5 2. Nf3 d6 3. d3 g6 4. Be3 Bg7 5. Nc3 Nc6 6. Qd2 Bg4 7. Be2 Bxf3 8.
Bxf3 Nd4 9. Bd1 e6 10. O-O Rb8 11. Rb1 Ne7 12. Bh6 O-O 13. Bxg7 Kxg7 14. Ne2
Nxe2+ 15. Bxe2 Nc6 16. c3 d5 17. Rbd1 Qa5 18. a3 Rbd8 19. b4 cxb4 20. axb4 Qc7
21. Qb2 a6 22. f4 Qb6+ 23. Kh1 d4 24. f5 exf5 25. exf5 f6 26. Rf4 a5 27. Rb1
dxc3 28. Qxc3 axb4 29. Qd2 Rd4 30. Qe3 Qd8 31. Rbf1 Re8 32. Qd2 Rxf4 33. Rxf4
Qd6 34. Rh4 g5 35. Rg4 Nd4 36. Bd1 Nxf5 37. Rxb4 Qxd3 0-1

[Event "Superliga Romanian"]
[Site "?"]
[Date "2012.09.28"]
[Round "?"]
[White "L'Ami, Alina"]
[Black "Dobre, Ana Margareta"]
[Result "1-0"]
[WhiteElo "2380"]
[BlackElo "1856"]
[PlyCount "73"]
[EventDate "2012.??.??"]

1. d4 g6 2. c4 Bg7 3. Nc3 Nf6 4. e4 d6 5. h3 O-O 6. Bg5 c5 7. d5 Na6 8. Bd3 Nc7
9. Nf3 Bd7 10. O-O a6 11. a4 Rb8 12. Qe2 h6 13. Be3 e5 14. Rab1 a5 15. Qd2 Kh7
16. Nh2 g5 17. f4 Nh5 18. fxg5 hxg5 19. Bxg5 f6 20. Be3 Rg8 21. Qf2 Qf8 22. Qh4
Be8 23. Rf5 Bh6 24. Rxh5 Bxh5 25. Qxh5 Rg6 26. Ng4 Qg7 27. Bxh6 Rxh6 28. Qxh6+
Qxh6 29. Nxh6 Kxh6 30. Rf1 Kg6 31. Be2 Rh8 32. Bg4 Na6 33. Nb5 Rd8 34. Bf5+ Kg7
35. Rf3 Nb4 36. Rg3+ Kf7 37. Be6+ 1-0